| 000 | 00346nam a22001337a 4500 | ||
|---|---|---|---|
| 020 | _a0-85934-056-2 | ||
| 082 | _a621.3815 BER'E | ||
| 100 |
_aBERRY, M. K _974903 |
||
| 245 | _aELECTRONIC SYNTHESISER PROJECTS | ||
| 260 |
_aENGLAND _bBERNARD _c1981 |
||
| 300 | _a81P | ||
| 650 |
_aMUSICAL INSTRUMENTS ELECTRONIC CONSTRUCTION _974904 |
||
| 942 | _cBK | ||
| 999 |
_c580404 _d580404 |
||